|
|
|
|
| LEADER |
00000nab a2200000 a 4500 |
| 001 |
vtls001487803 |
| 003 |
SK-MaSNL |
| 005 |
20260305035401.0 |
| 008 |
250505t2003 xo b ||ab ||| ||slo |
| 015 |
|
|
|a SNBRA2005/01
|2 snkbucl
|
| 035 |
|
|
|a (uuid)746dce54-c5cc-4e3a-8d80-bb0a77b1dd3a
|
| 035 |
|
|
|a urn:nbn:sk:snk-abtu5
|
| 035 |
|
|
|a (urnnbn)urn:nbn:sk:snk:ar-a03xsl
|
| 038 |
|
|
|a SNKBUCL
|
| 040 |
|
|
|a SNKBUCL
|b slo
|c SNKBUCL
|e AACR2
|
| 041 |
0 |
|
|a slo
|b ger
|
| 044 |
|
|
|a xo
|c SK
|
| 080 |
|
|
|a 904:738
|x (437.6)
|x "00/03"
|2 1997
|
| 080 |
|
|
|a 738
|x (437.6)
|x "00/03"
|2 1997
|
| 080 |
|
|
|a 903.23
|x (437.6)
|x "63"
|2 1997
|
| 080 |
|
|
|a 903.3/.4
|x (437.6)
|x "63"
|2 1997
|
| 100 |
1 |
|
|a Elschek, Kristian,
|d 1956-
|4 aut
|9 9191
|
| 245 |
1 |
0 |
|a Záchranný výskum na sídlisku z doby rímskej v Plaveckom Štvrtku
|c Kristian Elschek
|
| 300 |
|
|
|b Mp. a tab. na s. 12-21
|
| 504 |
|
|
|a Bibliogr. odkaz
|
| 546 |
|
|
|a Res. nem.
|
| 650 |
0 |
7 |
|a polykultúrne sídliská
|z Plavecký Štvrtok (Slovensko)
|y pravek
|2 snkbucl
|9 1617925
|
| 650 |
0 |
7 |
|a praveká keramika
|2 SNKPH
|9 152380
|
| 650 |
0 |
7 |
|a polykultúrne sídliská
|z Plavecký Štvrtok (Slovensko)
|y rímska doba
|2 snkbucl
|9 1617926
|
| 650 |
0 |
7 |
|a keramika
|y rímska doba
|z Plavecký Štvrtok (Slovensko)
|2 snkbucl
|9 1617927
|
| 651 |
|
7 |
|a Plavecký Štvrtok (Slovensko)
|2 snkbucl
|9 86357
|
| 773 |
0 |
|
|t Archeologické výskumy a nálezy na Slovensku v roku 2002
|d Nitra : Archeologický ústav Slovenskej akadémie vied, 2003
|g S. 32-33
|x 0231-925X
|z 8088709652
|
| 850 |
|
|
|a Slovenská národná knižnica
|
| 852 |
|
|
|a Slovenská národná knižnica
|
| 954 |
|
|
|a odborná, vedecká literatúra pôvodná (slovenská)
|2 lita
|
| 958 |
|
|
|a article2022
|
| 958 |
|
|
|a NB
|
| 958 |
|
|
|a OND
|
| 958 |
|
|
|a EUIPO
|
| 999 |
|
|
|c 3333577
|d 3335507
|